[Event "Treehouse of Horror"]
[Site "SchemingMind.com"]
[Date "2005.03.17"]
[Round "-"]
[White "adelphi"]
[Black "Brerrabbit"]
[Result "1-0"]
[WhiteCountry "USA"]
[BlackCountry "SCO"]
[WhiteElo "1267"]
[WhiteRD "98"]
[BlackElo "1293"]
[BlackRD "74"]
[GameID "10940"]

1. e4 e5 2. Nf3 Nc6 3. Nc3 Nf6 4. Nxe5 Nxe5 5. d4 Ng6 6. e5 Ng8 7. Bc4 c6 8. Ne2 d5 9. Bd3 f6 10. O-O fxe5
11. Bxg6+ hxg6 12. Re1 Bd6 13. dxe5 Bxe5 14. Nf4 Qf6 15. Nd3 Bf5 16. Nxe5 O-O-O 17. Nf3 Be4 18. Bg5 Qf5 19. Bxd8 Kxd8 20. c4 Bxf3
21. Qxf3 Qxf3 22. gxf3 Rh3 23. cxd5 cxd5 24. Kg2 Rh5 25. Re2 d4 26. Rae1 Kd7 27. Rd2 Rg5+ 28. Kh3 Kd6 29. Rxd4+ Kc5 30. Ree4 Nf6
31. Rg4 Rxg4 32. Rxg4 Nxg4 33. Kxg4 b5 34. h4 a5 35. Kg5
1-0

[Event "Treehouse of Horror"]
[Site "SchemingMind.com"]
[Date "2005.03.17"]
[Round "-"]
[White "Brerrabbit"]
[Black "adelphi"]
[Result "1-0"]
[WhiteCountry "SCO"]
[BlackCountry "USA"]
[WhiteElo "1293"]
[WhiteRD "74"]
[BlackElo "1267"]
[BlackRD "98"]
[GameID "10941"]

1. e4 e5 2. Nf3 Nc6 3. Nc3 Nf6 4. Nxe5 Nxe5 5. d4 Ng6 6. e5 Ng8 7. Bc4 Bb4 8. Qf3 f6 9. O-O N8e7 10. Ne4 f5
11. Ng5 d6 12. Nf7 Nh4 13. Qh5 Nhg6 14. Nxd8 Kxd8 15. c3 Ba5 16. Bg5 dxe5 17. b4 Bb6 18. dxe5 c5 19. Rad1+ Bd7 20. e6 Ne5
21. exd7 Nxc4 22. Rfe1 Re8 23. dxe8=Q+
1-0

[Event "Treehouse of Horror"]
[Site "SchemingMind.com"]
[Date "2005.03.22"]
[Round "-"]
[White "PELADOSAENZ"]
[Black "Brerrabbit"]
[Result "1-0"]
[WhiteCountry "ARG"]
[BlackCountry "SCO"]
[WhiteElo "1715"]
[WhiteRD "91"]
[BlackElo "1283"]
[BlackRD "69"]
[GameID "11235"]

1. e4 e5 2. Nf3 Nc6 3. Nc3 Nf6 4. Nxe5 Nxe5 5. f4 Ng6 6. d4 c6 7. e5 Nd5 8. Nxd5 cxd5 9. Bd3 d6 10. O-O dxe5
11. Bxg6 hxg6 12. fxe5 Bh3 13. gxh3 Rxh3 14. Qg4 Rh4 15. Qf3 Rxd4 16. Qxf7#
1-0

[Event "Treehouse of Horror"]
[Site "SchemingMind.com"]
[Date "2005.03.22"]
[Round "-"]
[White "PELADOSAENZ"]
[Black "adelphi"]
[Result "1-0"]
[WhiteCountry "ARG"]
[BlackCountry "USA"]
[WhiteElo "1715"]
[WhiteRD "91"]
[BlackElo "1264"]
[BlackRD "85"]
[GameID "11236"]

1. e4 e5 2. Nf3 Nc6 3. Nc3 Nf6 4. Nxe5 Nxe5 5. d3 Bb4 6. Bd2 Bxc3 7. Bxc3 Nc6 8. g3 d6 9. Bg2 Bg4 10. Bxf6 Bxd1
11. Bxd8 Bxc2 12. Bxc7 Bxd3 13. Bxd6 Nd4 14. Rd1 Nc2+ 15. Kd2 O-O-O 16. Bh3+
1-0

[Event "Treehouse of Horror"]
[Site "SchemingMind.com"]
[Date "2005.03.22"]
[Round "-"]
[White "Brerrabbit"]
[Black "PELADOSAENZ"]
[Result "0-1"]
[WhiteCountry "SCO"]
[BlackCountry "ARG"]
[WhiteElo "1283"]
[WhiteRD "69"]
[BlackElo "1715"]
[BlackRD "91"]
[GameID "11237"]

1. e4 e5 2. Nf3 Nc6 3. Nc3 Nf6 4. Nxe5 Nxe5 5. d4 Ng6 6. e5 Ng8 7. Bc4 d6 8. Qf3 Be6 9. Bb3 Bxb3 10. axb3 dxe5
11. Qxb7 Bd6 12. Nd5 N8e7 13. dxe5 Bxe5 14. Qb5+ c6 15. Qe2 Qxd5 16. c4 Qxg2 17. Rf1 O-O
0-1

[Event "Treehouse of Horror"]
[Site "SchemingMind.com"]
[Date "2005.03.22"]
[Round "-"]
[White "adelphi"]
[Black "PELADOSAENZ"]
[Result "0-1"]
[WhiteCountry "USA"]
[BlackCountry "ARG"]
[WhiteElo "1264"]
[WhiteRD "85"]
[BlackElo "1715"]
[BlackRD "91"]
[GameID "11238"]

1. e4 e5 2. Nf3 Nc6 3. Nc3 Nf6 4. Nxe5 Nxe5 5. d3 Nc6 6. Be3 Bb4 7. e5 Bxc3+ 8. bxc3 Nxe5 9. f4 Nc6 10. d4 d5
11. Bb5 Bd7 12. Qe2 O-O 13. c4 Re8 14. O-O-O Bg4 15. Qd3 Bxd1 16. Rxd1 Qe7 17. c5 Qxe3+ 18. Qxe3 Rxe3 19. Kd2 Rae8 20. g3 a6
21. Bxc6 bxc6 22. Rb1 Re2+
0-1

[Event "Treehouse of Horror"]
[Site "SchemingMind.com"]
[Date "2005.04.04"]
[Round "-"]
[White "AaronB"]
[Black "PELADOSAENZ"]
[Result "1-0"]
[WhiteCountry "USA"]
[BlackCountry "ARG"]
[WhiteElo "1527"]
[WhiteRD "63"]
[BlackElo "1643"]
[BlackRD "89"]
[GameID "12098"]

1. e4 e5 2. Nf3 Nc6 3. Nc3 Nf6 4. Nxe5 Nxe5 5. d4 Nc6 6. e5 Ng8 7. Bc4 Bb4 8. Qf3 Qe7 9. Be3 d6 10. O-O Be6
11. Nd5 Bxd5 12. Bxd5 dxe5 13. Bxc6+ Kf8 14. Bxb7 Rd8 15. c3 exd4 16. Bxd4 Bd6 17. Bxa7 c5 18. Rfe1 Qd7 19. Rad1 Nf6 20. Bxc5 Ne8
21. Rd3 Qc7 22. Bxd6+ Nxd6 23. Bc6 g6 24. b3 Kg7 25. Rde3 Nf5 26. Re8 Rhxe8 27. Bxe8 Qd6 28. Bb5 Qa3 29. Qe2 Nd6 30. Rd1 Qc5
31. Bc4 Re8 32. Qd3 Nxc4 33. Qxc4 Qa3 34. Qd4+ Kg8 35. Qa4 Qd6 36. Qxe8+
1-0

[Event "Treehouse of Horror"]
[Site "SchemingMind.com"]
[Date "2005.04.04"]
[Round "-"]
[White "AaronB"]
[Black "Brerrabbit"]
[Result "1-0"]
[WhiteCountry "USA"]
[BlackCountry "SCO"]
[WhiteElo "1582"]
[WhiteRD "69"]
[BlackElo "1283"]
[BlackRD "69"]
[GameID "12099"]

1. e4 e5 2. Nf3 Nc6 3. Nc3 Nf6 4. Nxe5 Nxe5 5. d4 Nc6 6. e5 Ng8 7. Bc4 d6 8. Qf3 f6 9. Qd5 Qe7 10. O-O Be6
11. Qxe6 Nxd4 12. Qxe7+ Bxe7 13. exd6 Bxd6 14. Re1+ Ne7 15. Bd3 O-O-O 16. Be3 Bc5 17. a3 Nd5 18. Nxd5 Rxd5 19. b4 Bd6 20. Bxd4 Rxd4
21. Re6 Kd8 22. Re3 Re8 23. Rxe8+ Kxe8 24. Bxh7 Be5 25. Re1 Kd8 26. Bd3 Rh4 27. g3 Rh5 28. Be4 Kc8 29. Rd1 Rh8= 30. f4 Bd6
31. Re1 b6 32. Bc6 Kd8 33. Re6 a6 34. c3 a5 35. Kg2 Kc8 36. Re8+ Rxe8 37. Bxe8 Kd8 38. Bg6 Ke7 39. Kf3 axb4 40. axb4 c5
41. bxc5 Bxc5 42. c4 Kd6 43. Ke4 Bb4 44. Bf7 Kc5 45. g4 Bd2 46. h4 Be1 47. h5 Bh4 48. Kf5 Kd6 49. Kg6
1-0

[Event "Treehouse of Horror"]
[Site "SchemingMind.com"]
[Date "2005.04.04"]
[Round "-"]
[White "AaronB"]
[Black "adelphi"]
[Result "1-0"]
[WhiteCountry "USA"]
[BlackCountry "USA"]
[WhiteElo "1582"]
[WhiteRD "69"]
[BlackElo "1264"]
[BlackRD "85"]
[GameID "12100"]

1. e4 e5 2. Nf3 Nc6 3. Nc3 Nf6 4. Nxe5 Nxe5 5. d4 Ng6 6. e5 Ng8 7. Bc4 f6 8. Qf3 Bb4 9. exf6 Nxf6 10. O-O h6
11. Nd5 Be7 12. Re1 Rf8 13. Qg3 Nxd5 14. Qxg6+
1-0

[Event "Treehouse of Horror"]
[Site "SchemingMind.com"]
[Date "2005.04.11"]
[Round "-"]
[White "PELADOSAENZ"]
[Black "AaronB"]
[Result "1-0"]
[WhiteCountry "ARG"]
[BlackCountry "USA"]
[WhiteElo "1715"]
[WhiteRD "91"]
[BlackElo "1582"]
[BlackRD "69"]
[GameID "12101"]

1. e4 e5 2. Nf3 Nc6 3. Nc3 Nf6 4. Nxe5 Nxe5 5. d4 Ng6 6. Bc4 Bb4 7. Bg5 O-O 8. e5 Qe8 9. O-O Bxc3 10. exf6 gxf6
11. Bh6 Bxb2 12. Rb1 Ba3 13. Bxf8 Kxf8 14. Re1 Be7 15. Qh5 Kg7 16. Re2 Kh8 17. Rbe1 c6 18. Bd3
1-0

[Event "Treehouse of Horror"]
[Site "SchemingMind.com"]
[Date "2005.04.04"]
[Round "-"]
[White "Brerrabbit"]
[Black "AaronB"]
[Result "0-1"]
[WhiteCountry "SCO"]
[BlackCountry "USA"]
[WhiteElo "1283"]
[WhiteRD "69"]
[BlackElo "1582"]
[BlackRD "69"]
[GameID "12102"]

1. e4 e5 2. Nf3 Nc6 3. Nc3 Nf6 4. Nxe5 Nxe5 5. d4 Ng6 6. e5 Ng8 7. Bc4 d6 8. Qf3 f6 9. O-O dxe5 10. dxe5 Nxe5
11. Qe3 Be7 12. Ne4 Nxc4 13. Qf3 Bd7 14. Re1 Ne5 15. Qb3 b6 16. Bf4 Bd6 17. Ng3 Ne7 18. Rad1 N7g6 19. Rd4 Nxf4 20. Rxf4 Qe7
21. Nf5 Bxf5 22. Rxf5 Qd7 23. g4 O-O-O 24. Rd1 Nxg4 25. Qa4 Qxa4
0-1

[Event "Treehouse of Horror"]
[Site "SchemingMind.com"]
[Date "2005.04.04"]
[Round "-"]
[White "adelphi"]
[Black "AaronB"]
[Result "0-1"]
[WhiteCountry "USA"]
[BlackCountry "USA"]
[WhiteElo "1264"]
[WhiteRD "85"]
[BlackElo "1582"]
[BlackRD "69"]
[GameID "12103"]

1. e4 e5 2. Nf3 Nc6 3. Nc3 Nf6 4. Nxe5 Nxe5 5. d4 Ng6 6. Bg5 Be7 7. Bd3 O-O 8. O-O h6 9. Bxf6 Bxf6 10. e5 Be7
11. Nd5 c6 12. Ne3 d6 13. exd6 Bxd6 14. Nf5 Bxf5 15. Bxf5 Qf6 16. g4 Qh4 17. f4 Nxf4 18. Qe1 Qxe1 19. Raxe1 Rfe8 20. Rd1 Re2
21. g5 hxg5 22. b3 g6 23. Bd3 Nxd3 24. Rxd3 Rxc2 25. a4 Re8 26. d5 Ree2 27. Ra1 Bc5+ 28. Kf1 Rxh2 29. dxc6 Rh1#
0-1

[Event "Treehouse of Horror"]
[Site "SchemingMind.com"]
[Date "2005.04.10"]
[Round "-"]
[White "cnbcad"]
[Black "PELADOSAENZ"]
[Result "1-0"]
[WhiteCountry "USA"]
[BlackCountry "ARG"]
[WhiteElo "1476"]
[WhiteRD "55"]
[BlackElo "1603"]
[BlackRD "91"]
[GameID "12458"]

1. e4 e5 2. Nf3 Nc6 3. Nc3 Nf6 4. Nxe5 Nxe5 5. d4 Nc6 6. e5 Ng8 7. Bc4 d6 8. Qf3 Be6 9. Bxe6 fxe6 10. O-O Nxd4
11. Qxb7 dxe5 12. Bg5 Be7 13. Bxe7 Nxe7 14. Nb5 Nxb5 15. Qxb5+ c6 16. Qxe5 Kf7 17. Rad1 Ng6 18. Qg3 Qe7 19. Qf3+ Qf6 20. Rd7+ Ne7
21. Qxc6 Rhd8 22. Rfd1 Rxd7 23. Rxd7 Qxb2 24. Qf3+ Ke8 25. Rd2 Rd8 26. Rxd8+ Kxd8 27. Qa8+ Kd7 28. Qxa7+ Ke8 29. Qa4+ Kf7 30. g3 Nf5
31. Qf4 h5 32. Qf3 Qxc2 33. h3 Kg6 34. Qf4 Qxa2 35. Qe4 Qd5 36. Qb1 Kf6 37. Qb2+ Qe5 38. Qd2 g5 39. Qd8+ Kg6 40. Qe8+ Kh6
41. Qf8+ Ng7 42. Qh8+= Kg6 43. Qd8 Qf5 44. h4 gxh4 45. Qxh4 Qg4 46. Qd8 h4 47. Qd3+ Nf5 48. Kh2 hxg3+ 49. fxg3
1-0

[Event "Treehouse of Horror"]
[Site "SchemingMind.com"]
[Date "2005.04.10"]
[Round "-"]
[White "cnbcad"]
[Black "Brerrabbit"]
[Result "1-0"]
[WhiteCountry "USA"]
[BlackCountry "SCO"]
[WhiteElo "1566"]
[WhiteRD "77"]
[BlackElo "1283"]
[BlackRD "69"]
[GameID "12459"]

1. e4 e5 2. Nf3 Nc6 3. Nc3 Nf6 4. Nxe5 Nxe5 5. d4 Ng6 6. e5 Ng8 7. Bc4 c6 8. O-O d5 9. exd6 Qxd6 10. Ne4 Qd7
11. Re1 Bb4 12. Nf6+ Kd8 13. Nxd7 Bxd7 14. c3 Bd6 15. Bxf7 Nf6 16. Bg5 Rf8 17. Be6 Kc7 18. Bxf6 gxf6 19. Qa4 b5 20. Qa5+ Kb7
21. Bxd7 Bc7 22. Bxc6+ Kxc6 23. Qa6+ Kd7 24. Re6 Ne7 25. Rae1 Rfe8 26. Qxb5+
1-0

[Event "Treehouse of Horror"]
[Site "SchemingMind.com"]
[Date "2005.04.10"]
[Round "-"]
[White "cnbcad"]
[Black "AaronB"]
[Result "0-1"]
[WhiteCountry "USA"]
[BlackCountry "USA"]
[WhiteElo "1566"]
[WhiteRD "77"]
[BlackElo "1582"]
[BlackRD "69"]
[GameID "12460"]

1. e4 e5 2. Nf3 Nc6 3. Nc3 Nf6 4. Nxe5 Nxe5 5. d4 Ng6 6. e5 Ng8 7. Bc4 d6 8. O-O Be6 9. Bxe6 fxe6 10. exd6 Bxd6
11. Re1 Qd7 12. Bg5 h6 13. Bc1 O-O-O 14. d5 Re8 15. Qd4 Nf6 16. Qxa7 c6 17. dxc6 bxc6 18. Qa5 Qc7 19. Qa4 Kd7 20. Rd1 Ra8
21. Qb4 Rhb8 22. Qc4 Rb4 23. Qd3 Ne5 24. Qe2 Neg4 25. Bd2 Rxb2 26. Bf4 e5 27. Bxe5 Nxe5 28. Qxe5 Re8 29. Qg3 Re1+ 30. Rxe1 Bxg3
31. hxg3 Rxc2 32. Na4 Nd5 33. Red1 Ke7 34. Rab1 Kf8 35. Ra1 Kg8 36. Rdb1 Qe5 37. a3 Qe2 38. Rf1 Ra2 39. Rae1 Qa6 40. Nc5 Qxa3
41. Re8+ Kh7 42. Ne6 Nf6 43. Rc8 Nd7 44. Rxc6 Ra1
0-1

[Event "Treehouse of Horror"]
[Site "SchemingMind.com"]
[Date "2005.04.10"]
[Round "-"]
[White "cnbcad"]
[Black "adelphi"]
[Result "1-0"]
[WhiteCountry "USA"]
[BlackCountry "USA"]
[WhiteElo "1552"]
[WhiteRD "65"]
[BlackElo "1163"]
[BlackRD "71"]
[GameID "12461"]

1. e4 e5 2. Nf3 Nc6 3. Nc3 Nf6 4. Nxe5 Nxe5 5. d4 Ng6 6. e5 Ng8 7. Bc4 Bb4 8. Qf3 f6 9. O-O d6 10. Re1 N6e7
11. e6 Bxc3 12. bxc3 d5 13. Bd3 Qd6 14. Qg4 b6 15. Qxg7 Bxe6 16. Qxh8 O-O-O 17. Qxh7 f5 18. Qh5 Nf6 19. Qe2 Ng4 20. Qxe6+ Kb8
21. Qxe7 Qxh2+ 22. Kf1 Rg8 23. Ba6 Qh1+ 24. Ke2 Qh5 25. f3 Re8 26. Qxe8+ Qxe8+ 27. Kd1 Qa4 28. Bf1 Nf6 29. Rb1 Qxa2 30. Rb2 Qa1
31. Re6 Nh5 32. Bb5 Ng7 33. Rg6 Nh5 34. Bc6 a5 35. Rg8+
1-0

[Event "Treehouse of Horror"]
[Site "SchemingMind.com"]
[Date "2005.04.11"]
[Round "-"]
[White "PELADOSAENZ"]
[Black "cnbcad"]
[Result "1-0"]
[WhiteCountry "ARG"]
[BlackCountry "USA"]
[WhiteElo "1603"]
[WhiteRD "91"]
[BlackElo "1476"]
[BlackRD "55"]
[GameID "12462"]

1. e4 e5 2. Nf3 Nc6 3. Nc3 Nf6 4. Nxe5 Nxe5 5. d4 Nc6 6. Bg5 Be7 7. e5 Ng8 8. Bxe7 Ngxe7 9. Bc4 O-O 10. Qf3 Nxd4
11. Qe4 Nec6 12. Bd3 g6 13. O-O-O d6 14. Nd5 dxe5 15. c3 Qg5+ 16. f4 exf4 17. cxd4 Re8 18. Qf3 Bg4 19. Nf6+ Qxf6 20. Qxg4 Qxd4
21. Kb1 Ne5 22. Qe2 Nc6 23. Qc2 Qe5 24. Rhe1 Nb4 25. Rxe5 Nxc2 26. Rxe8+ Rxe8 27. Kxc2 a6 28. Rf1 g5 29. g3 fxg3 30. hxg3 Re3
31. g4 Rg3 32. Bf5 Rh3 33. Rd1 h5 34. gxh5 Rxh5 35. Bc8 Rh2+ 36. Kb3 b6 37. Bxa6 f5 38. Rd5 Rf2 39. Bc8 g4 40. Rxf5 Rxf5
41. Bxf5 g3 42. Be4 Kg7 43. Kc4 Kf6 44. Kb5 Ke5 45. Bg2 Kd6 46. Ka6 Kc5 47. Kb7 Kd6 48. a4 Kd7 49. b4 Kd6 50. a5 bxa5
51. bxa5
1-0

[Event "Treehouse of Horror"]
[Site "SchemingMind.com"]
[Date "2005.04.09"]
[Round "-"]
[White "Brerrabbit"]
[Black "cnbcad"]
[Result "0-1"]
[WhiteCountry "SCO"]
[BlackCountry "USA"]
[WhiteElo "1283"]
[WhiteRD "69"]
[BlackElo "1566"]
[BlackRD "77"]
[GameID "12463"]

1. e4 e5 2. Nf3 Nc6 3. Nc3 Nf6 4. Nxe5 Nxe5 5. d4 Neg4 6. e5 Qe7 7. Be2 Nxe5 8. dxe5 Qxe5 9. O-O Bd6 10. g3 O-O
11. Bf4 Qf5 12. Bxd6 cxd6 13. Qxd6 Qh3 14. Rfe1 Ng4 15. Bxg4 Qxg4 16. Re4 Qg5 17. Rae1 Qd8 18. Nd5 b6 19. Qe5 Bb7 20. Ne7+ Kh8
21. Rg4 f6 22. Qh5 Re8 23. Ng6+ Kg8 24. Rxe8+ Qxe8 25. h4 Qe1+
0-1

[Event "Treehouse of Horror"]
[Site "SchemingMind.com"]
[Date "2005.04.09"]
[Round "-"]
[White "AaronB"]
[Black "cnbcad"]
[Result "1-0"]
[WhiteCountry "USA"]
[BlackCountry "USA"]
[WhiteElo "1582"]
[WhiteRD "69"]
[BlackElo "1566"]
[BlackRD "77"]
[GameID "12464"]

1. e4 e5 2. Nf3 Nc6 3. Nc3 Nf6 4. Nxe5 Nxe5 5. d4 Ng6 6. e5 Ng8 7. Bc4 Bb4 8. Qf3 d5 9. Bxd5 f6 10. Bg5 c6
11. Bxc6+ bxc6 12. Qxc6+ Bd7 13. Qc4 Bxc3+ 14. bxc3 fxg5 15. O-O N8e7 16. e6 Bc8 17. Rad1 O-O 18. d5 Ne5 19. Qe4 Bb7 20. Qxe5 Bxd5
21. Qxg5 Rf5 22. Qd2 Rf6 23. Rfe1 Qa5 24. c4 Qxd2 25. Rxd2 Rxe6 26. Rde2 Rxe2 27. Rxe2 Rb8 28. h3 Bxc4 29. Rxe7 Bxa2 30. Rxa7 Rb2
31. Ra8+ Kf7 32. Ra7+ Kf6 33. Ra6+ Be6 34. c3 Rc2 35. Rc6 g6 36. g3 Rc1+ 37. Kg2 Kf7 38. Rc7+ Kf6 39. Rc6 Re1 40. c4 Kg5
41. f4+ Kh6 42. g4 Bd7 43. g5+ Kh5 44. Rc7 Rd1 45. Kf3 Bxh3 46. Rxh7#
1-0

[Event "Treehouse of Horror"]
[Site "SchemingMind.com"]
[Date "2005.04.09"]
[Round "-"]
[White "adelphi"]
[Black "cnbcad"]
[Result "0-1"]
[WhiteCountry "USA"]
[BlackCountry "USA"]
[WhiteElo "1163"]
[WhiteRD "71"]
[BlackElo "1552"]
[BlackRD "65"]
[GameID "12465"]

1. e4 e5 2. Nf3 Nc6 3. Nc3 Nf6 4. Nxe5 Nxe5 5. d4 Ng6 6. e5 Ng8 7. Bd3 Nh4 8. O-O g6 9. Bf4 Bg7 10. d5 Ne7
11. Qg4 Nhf5 12. d6 cxd6 13. exd6 Nc6 14. Bxf5 O-O 15. Bd3 b6 16. Rae1 Bb7 17. Qf3 Na5 18. h4 Bxf3 19. gxf3 Qxh4 20. Ne4 Qxf4
21. b3 Qxf3 22. Ng3 Bc3 23. Re3 Qf6 24. Ne4 Qf4 25. Rd1 Qg4+ 26. Kf1 Qxd1+ 27. Kg2 Rae8 28. a3 Bd4 29. Rf3 f5 30. Ng3 Bxf2
31. Rxf2 Qg4 32. b4 f4
0-1

[Event "Treehouse of Horror"]
[Site "SchemingMind.com"]
[Date "2005.04.12"]
[Round "-"]
[White "Tyler"]
[Black "PELADOSAENZ"]
[Result "1-0"]
[WhiteCountry "SUI"]
[BlackCountry "ARG"]
[WhiteElo "1751"]
[WhiteRD "77"]
[BlackElo "1611"]
[BlackRD "90"]
[GameID "12707"]

1. e4 e5 2. Nf3 Nc6 3. Nc3 Nf6 4. Nxe5 Nxe5 5. d4 Nc6 6. e5 Ng8 7. Bc4 d6 8. O-O g6 9. Qf3 Be6 10. d5 Nd4
11. Qd3 Bxd5 12. Nxd5 dxe5 13. Re1 Be7 14. Rxe5 Nc6 15. Re2 Qd6 16. Bf4 Qc5 17. Nxc7+ Kf8 18. Nxa8 Nb4 19. Qb3 Nf6 20. a3 Nc6
21. Bxf7 Nd4 22. Qc4 Nxe2+ 23. Qxe2 Kxf7 24. Nc7 Rc8 25. Qe6+ Kg7 26. Qxc8
1-0

[Event "Treehouse of Horror"]
[Site "SchemingMind.com"]
[Date "2005.04.12"]
[Round "-"]
[White "Tyler"]
[Black "cnbcad"]
[Result "1-0"]
[WhiteCountry "SUI"]
[BlackCountry "USA"]
[WhiteElo "1710"]
[WhiteRD "76"]
[BlackElo "1552"]
[BlackRD "65"]
[GameID "12708"]

1. e4 e5 2. Nf3 Nc6 3. Nc3 Nf6 4. Nxe5 Nxe5 5. d4 Nc6 6. e5 Qe7 7. Bg5 d6 8. f4 h6 9. Bxf6 gxf6 10. Bb5 Bd7
11. Nd5 Qd8 12. Nxf6+ Ke7 13. O-O Bg7 14. Nxd7 Qxd7 15. Qe1 Rae8 16. d5 Kf8 17. Rd1 dxe5 18. dxc6 Qe6 19. Qb4+ Kg8 20. Bc4 Qxc6
21. fxe5 Rf8 22. e6 a5 23. exf7+ Kh7 24. Bd3+
1-0

[Event "Treehouse of Horror"]
[Site "SchemingMind.com"]
[Date "2005.04.12"]
[Round "-"]
[White "Tyler"]
[Black "Brerrabbit"]
[Result "1-0"]
[WhiteCountry "SUI"]
[BlackCountry "SCO"]
[WhiteElo "1710"]
[WhiteRD "76"]
[BlackElo "1289"]
[BlackRD "67"]
[GameID "12709"]

1. e4 e5 2. Nf3 Nc6 3. Nc3 Nf6 4. Nxe5 Nxe5 5. d4 Ng6 6. e5 Ng8 7. Bc4 c6 8. O-O d5 9. exd6 Qxd6 10. Re1+ Be7
11. Ne4 Qb4 12. Qe2 Nf6 13. c3 Qa5 14. Nd6+ Kf8 15. Nxf7 Rg8 16. Ne5 Qc7 17. Nxg6+ hxg6 18. Bf4 Qd8 19. Bxg8 Kxg8 20. Qxe7 Qxe7
21. Rxe7 Bd7 22. Rae1 Kh7 23. Bg5 Rd8 24. Bxf6 g5 25. Rxg7+ Kh6 26. Bxg5+ Kh5 27. Bxd8
1-0

[Event "Treehouse of Horror"]
[Site "SchemingMind.com"]
[Date "2005.04.12"]
[Round "-"]
[White "Tyler"]
[Black "AaronB"]
[Result "1-0"]
[WhiteCountry "SUI"]
[BlackCountry "USA"]
[WhiteElo "1710"]
[WhiteRD "76"]
[BlackElo "1527"]
[BlackRD "63"]
[GameID "12710"]

1. e4 e5 2. Nf3 Nc6 3. Nc3 Nf6 4. Nxe5 Nxe5 5. d4 Ng6 6. e5 Ng8 7. Bc4 d6 8. O-O dxe5 9. Qf3 f6 10. dxe5 Nxe5
11. Re1 Ne7 12. Rxe5 fxe5 13. Qf7+ Kd7 14. Be6+ Kc6 15. Qf3+ Kd6 16. Qd3+ Nd5 17. Bxd5 c6 18. Bxc6+ Kc7 19. Nb5+ Kxc6 20. Qxd8 Kxb5
21. a4+ Ka6 22. Qd3+ Kb6 23. Be3+ Kc7 24. Rd1 Bb4 25. Qc4+ Kb8 26. Qxb4 a5 27. Qd6#
1-0

[Event "Treehouse of Horror"]
[Site "SchemingMind.com"]
[Date "2005.04.12"]
[Round "-"]
[White "Tyler"]
[Black "adelphi"]
[Result "1-0"]
[WhiteCountry "SUI"]
[BlackCountry "USA"]
[WhiteElo "1710"]
[WhiteRD "76"]
[BlackElo "1163"]
[BlackRD "71"]
[GameID "12711"]

1. e4 e5 2. Nf3 Nc6 3. Nc3 Nf6 4. Nxe5 Nxe5 5. d4 Ng6 6. e5 Ng8 7. Bc4 Nh4 8. O-O Ne7 9. Bg5 Nhf5 10. g4 h6
11. Bxe7 Bxe7 12. Qf3 d5 13. exd6 Bxd6 14. Rfe1+ Kf8 15. gxf5 Qh4 16. h3 Qxd4 17. Re4 Qd2 18. Bd3 Qg5+ 19. Rg4 Qh5 20. Nb5 Be5
21. Re1 Bxb2 22. Re8+ Kxe8 23. Re4+
1-0

[Event "Treehouse of Horror"]
[Site "SchemingMind.com"]
[Date "2005.04.12"]
[Round "-"]
[White "PELADOSAENZ"]
[Black "Tyler"]
[Result "0-1"]
[WhiteCountry "ARG"]
[BlackCountry "SUI"]
[WhiteElo "1611"]
[WhiteRD "90"]
[BlackElo "1751"]
[BlackRD "77"]
[GameID "12712"]

1. e4 e5 2. Nf3 Nc6 3. Nc3 Nf6 4. Nxe5 Nxe5 5. d4 Ng6 6. Bg5 Be7 7. e5 Ng8 8. Bxe7 N8xe7 9. Bc4 O-O 10. O-O d5
11. Bd3 c6 12. f4 Bf5 13. Ne2 Bxd3 14. Qxd3 Qb6 15. b3 Rfe8 16. f5 Nf8 17. f6 Neg6 18. fxg7 Kxg7 19. Qf5 Ne6 20. Qxf7+ Kh8
21. Rf3 Re7 22. Qf6+ Kg8 23. Raf1 Nxd4 24. Nxd4 Qxd4+ 25. Kh1 Qxe5 26. Qxe5 Rxe5 27. Rg3 Rae8 28. h4 Kh8 29. Rgf3 Re1 30. h5 Rxf1+
31. Rxf1 Ne7 32. g4 Nc8 33. Rf2 Nd6 34. Kg2 Kg7 35. Kg3 Ne4+
0-1

[Event "Treehouse of Horror"]
[Site "SchemingMind.com"]
[Date "2005.04.12"]
[Round "-"]
[White "cnbcad"]
[Black "Tyler"]
[Result "0-1"]
[WhiteCountry "USA"]
[BlackCountry "SUI"]
[WhiteElo "1552"]
[WhiteRD "65"]
[BlackElo "1710"]
[BlackRD "76"]
[GameID "12713"]

1. e4 e5 2. Nf3 Nc6 3. Nc3 Nf6 4. Nxe5 Nxe5 5. d4 Ng6 6. e5 Ng8 7. Bc4 Bb4 8. Qf3 d5 9. Bxd5 Be6 10. Bxb7 Rb8
11. Bc6+ Bd7 12. Be4 N8e7 13. a3 Bxc3+ 14. Qxc3 O-O 15. O-O h6 16. Qa5 Bc6 17. f3 Bxe4 18. fxe4 Qxd4+ 19. Kh1 Qxe4 20. Qc3 Nd5
21. Qg3 Qxc2 22. Be3 Nxe3 23. Qxe3 Rxb2 24. Rg1 Nh4 25. Qg3 Nf5 26. Qf3 Nh4 27. Qg3 Nf5 28. Qf3 Nd4 29. Qg3 Ne2 30. Qf2 Nxg1
31. Qxc2 Rxc2 32. Kxg1 Re8
0-1

[Event "Treehouse of Horror"]
[Site "SchemingMind.com"]
[Date "2005.04.12"]
[Round "-"]
[White "Brerrabbit"]
[Black "Tyler"]
[Result "0-1"]
[WhiteCountry "SCO"]
[BlackCountry "SUI"]
[WhiteElo "1289"]
[WhiteRD "67"]
[BlackElo "1710"]
[BlackRD "76"]
[GameID "12714"]

1. e4 e5 2. Nf3 Nc6 3. Nc3 Nf6 4. Nxe5 Nxe5 5. d4 Ng6 6. e5 Ng8 7. Bc4 Bb4 8. Qf3 d5 9. Bxd5 Be6 10. Bxb7 Rb8
11. Bc6+ Bd7 12. Bd5 Be6 13. Be4 Bxc3+ 14. bxc3 N8e7 15. Bg5 O-O 16. O-O Bc4 17. Rfb1 Rxb1+ 18. Rxb1 Bxa2 19. Ra1 Bd5 20. Rxa7 Bxe4
21. Qxe4 Qb8 22. Ra1 Qb2 23. Ra8 Qb1+
0-1

[Event "Treehouse of Horror"]
[Site "SchemingMind.com"]
[Date "2005.04.12"]
[Round "-"]
[White "AaronB"]
[Black "Tyler"]
[Result "0-1"]
[WhiteCountry "USA"]
[BlackCountry "SUI"]
[WhiteElo "1527"]
[WhiteRD "63"]
[BlackElo "1710"]
[BlackRD "76"]
[GameID "12715"]

1. e4 e5 2. Nf3 Nc6 3. Nc3 Nf6 4. Nxe5 Nxe5 5. d4 Ng6 6. e5 Ng8 7. Bc4 Bb4 8. Qf3 d5 9. Bxd5 Be6 10. Bxb7 Rb8
11. Bd5 Bxd5 12. Qg3 N8e7 13. O-O Bxc3 14. bxc3 O-O 15. Ba3 Re8 16. Rfe1 Nf5 17. Qd3 Qg5 18. f3 Nf4 19. Qf1 Nh4 20. Kh1 Nhxg2
21. Reb1 Rxb1 22. Rxb1 Ne3 23. Qf2 Ng4 24. Qg3 Ne2 25. Qg2 Qf4 26. Qxe2 Bxf3+
0-1

[Event "Treehouse of Horror"]
[Site "SchemingMind.com"]
[Date "2005.04.12"]
[Round "-"]
[White "adelphi"]
[Black "Tyler"]
[Result "0-1"]
[WhiteCountry "USA"]
[BlackCountry "SUI"]
[WhiteElo "1163"]
[WhiteRD "71"]
[BlackElo "1710"]
[BlackRD "76"]
[GameID "12716"]

1. e4 e5 2. Nf3 Nc6 3. Nc3 Nf6 4. Nxe5 Nxe5 5. d4 Ng6 6. e5 Ng8 7. Bc4 Bb4 8. Bd2 N8e7 9. O-O O-O 10. a3 Bxc3
11. Bxc3 d5 12. exd6 Qxd6 13. a4 Be6 14. b3 Nd5 15. Bb2 Rad8 16. Qf3 Nf6 17. d5 Nxd5 18. g3 c6 19. Rad1 Ne5 20. Qe2 Ng6
21. Bxd5 cxd5 22. Qf3 Ne5 23. Qc3 f6 24. f4 Ng4 25. h3 Qb6+ 26. Qd4 Ne3
0-1